[Event "NOR-chB"]
[Site "Moss"]
[Date "2006.07.14"]
[Round "8"]
[White "Sorbol, Jorgen"]
[Black "Tande, Ingrid Kvinge"]
[Result "1-0"]
[WhiteElo "814"]
[BlackElo "719"]
[PlyCount "43"]
[EventDate "2006.07.08"]
[EventType "swiss"]
[EventRounds "9"]
[EventCountry "NOR"]
[SourceTitle "EXT 2007"]
[Source "ChessBase"]
[SourceDate "2006.11.23"]
[SourceVersion "1"]
[SourceVersionDate "2006.11.23"]
[SourceQuality "1"]

1. e4 e5 2. Nf3 Nc6 3. Bc4 Nf6 4. Nc3 Bc5 5. d3 h6 6. Be3 Bxe3 7. fxe3 0-0 8. Qe2 d6 9. 0-0-0 Re8 10. h3 Qe7 11. g4 Be6 12. g5 hxg5 13. Nxg5 Rad8 14. Qg2 Qd7 15. Rhg1 d5 16. Nxe6 fxe6 17. exd5 exd5 18. Nxd5 Nxd5 19. Bxd5+ Kh8 20. Qg6 Re6 21. Bxe6 Qxe6 22. Qxg7# 1-0